000 00718nam a2200193 u 4500
001 000514241
003 AM-YeHGA
005 20250617134956.0
008 061212s1976 ||| r 000 0 rus d
040 _aAM-YeHGA
041 0 _arus
100 1 _aКомаров, Анатолий Михайлович
245 1 0 _aВ сводках не сообщалось... /
_cА. Комаров, И. Максимов.
260 _aКраснодар :
_bКраснодар. кн. изд-во,
_c1976.
300 _a125 с.
653 0 _aСочинские госпитали в Великой Отечественной войне
700 1 _aМаксимов, Илларион Алексеевич
090 _c192775
999 _c191305
_d191305